The Light In Our Soul - Helena Paparizou (Lyrics) - Statistics

General Stats
  • This quiz has been taken 5 times
  • The average score is 123 of 263
Answer Stats
Lyrics % Correct
I
80%
in
80%
light
80%
Light
80%
our
80%
soul
80%
The
80%
the
80%
to
80%
we
80%
We
80%
a
60%
can
60%
can't
60%
for
60%
forever
60%
last
60%
love
60%
me
60%
why
60%
Why
60%
will
60%
You
60%
you
60%
And
40%
and
40%
be
40%
each
40%
give
40%
Give
40%
go
40%
promise
40%
together
40%
apart
20%
But
20%
by
20%
chemistry
20%
fall
20%
haven't
20%
heal
20%
heart
20%
inside
20%
is
20%
it
20%
let
20%
Look
20%
lost
20%
my
20%
Never
20%
on
20%
other
20%
said
20%
say
20%
that
20%
true
20%
try
20%
Unconditional
20%
us
20%
wonder
20%
all
0%
believe
0%
belong
0%
better
0%
chance
0%
come
0%
could
0%
dreams
0%
faith
0%
gone
0%
If
0%
make
0%
meant
0%
now
0%
only
0%
others
0%
stand
0%
still
0%
were
0%
No matching quizzes found
Score Distribution
Percent of People with Each Score
Percentile by Number Answered
Your Score History
You have not taken this quiz